00550nam a22001577a 4500003000900000008004100009040007100050082002000121100002800141245002500169260006700194300004400261650003300305650002700338650002700365AR-CdUCM190311b ||||| |||| 00| 0 spa d aMUNICIPALIDAD PROVINCIAL DEL CUSCOcBIBLIOTECA MUNICIPAL DEL CUSCO a869.56 / bP26 aParada Manrique, José aBolitas de cristal / aJuliaca : bTalleres Empresa Editorial "El arte" S.A., c1965. a30 páginas ; bDibujos ;c17.5 cm. aPoesía peruana - Siglo XX aPoetas peruanos - Puno aJosé Parada Manrique